Football - Tout sur : Désiré Doué - Statistiques

Statistiques générales
  • Ce quiz a été pris 229 fois
  • Le résultat moyen est 10 sur 14
Statistiques - réponses
Indice Réponse % Correct
Club PSG
98%
Pied fort Droit
96%
Pays représenté France
96%
Note /10 en finale de LDC (L'équipe) 10
93%
Année de naissance 2005
91%
Club de formation Stade Rennais
91%
Numéro en club 14
89%
Année de son premier contrat pro 2022
79%
Poste Milieu / Ailier
78%
Prénom de son frère (RC Strasbourg) Guéla
70%
Prix de son transfert en août 2024 (en M€) 50
52%
Valeur marchande transfermarkt (en M€) 90
42%
Nation affrontée lors de son premier match en EDF Croatie
34%
Ville de naissance Angers
29%
Aucun quiz correspondant
Distribution des résultats
% des personnes avec chaque résultat
Percentile par nombre de réponses
Votre historique - résultats
Vous n’avez pas pris ce quiz